000 00280nam a2200121 a 4500
008 101208s1965|||| d
100 1 _aSivko, V.-Brabec, J.
245 1 0 _aČernobílé roky
260 _bMladá fronta
_aPraha
_c1965
020 _c10
041 _aces
044 _aCZ
999 _c14902
_d14902